000
00302nam a2200133Ia 4500
005
20251222144858.0
008
251222s9999||||xx |||||||||||||| ||spa||
020
_a
9788471019080
082
_a
610/M26
245
0
_a
Test Amir Medicina:
250
_a
1ra. ed.
264
_b
Marbán, S.L.
942
_c
LIB
999
_c
21852
_d
21852